000 01218nam a2200241 a 4500
001 000425368
003 AM-YeHGA
005 20250618072445.0
008 050502s2001 ai 000 | arm d
040 _aAM-YeHGA
041 1 _aarm
100 1 _aԳալուստյան, Շնորհք
_cԱրքեպիսկոպոս,
_d1913-1990
_93217
245 1 0 _aՄեծ պահքի կիրակինների ոսկե շղթան /
_cՇ. արք. Գալուստյան; Արևմտահայ. փոխադր.՝ Գ. Անտոնյան; Խմբ.՝ Ս. Ստամբոլցյան; Հայ Առաքելական Ս. եկեղեցու քրիստ. դաստիարակ. և քարոզ. կենտրոն.
250 _a[2-րդ հրատ.]
260 _aԷջմիածին :
_bտպ. Մայր Աթոռ Ս. Էջմիածնի,
_c2001.
300 _a127 էջ ;
_c20 սմ.
440 0 _aՀոգևոր գրադարան
_vԻԹ
650 1 4 _aԿրոնական ծեսեր
700 1 _aԱնտոնյան, Գայանե
_eթարգմ.
_4trl
700 1 _aՍտամբոլցյան, Ս.
_eխմբ.
_4edt
710 2 _aՀայ Առաքելական Սուրբ եկեղեցու քրիստոնեական դաստիարակության և քարոզչության կենտրոն
090 _c163146
999 _c161740
_d161740